000 00333nam a2200133Ia 4500
005 20260328101445.0
008 260328s9999||||xx |||||||||||||| ||und||
100 _aHauser, Sigrid
245 0 _aPeter Zumthor, Therme Vals /
_cSigrid Hauser
260 _bScheidegger & Spiess
300 _a191 p.
650 _aARQUITECTOS
942 _cBK
999 _c8414
_d8414